000 00876nam a22001577a 4500
005 20240911125249.0
010 _aHIN-128398
020 _c180.00
_a9789390607464
035 _aHN-100744
100 _aसरश्री तेजपारखी
_971479
245 _aलेट गो तनाव :
_bNoTime for Tension तनाव की नाव छोड़ें ,समझ की शिप जोडें /
_cसरश्री तेजपारखी
260 _aपुणे
_bवॉव पब्लिशिग्ज़ प्रा .लि .
_c2022
270 _a252-लक्ष्मी रोड ,नियर विजय सिनेमा ,नरायण पीठ
_bपुणे
_e411080
_k9011013210
300 _a180 पृष्ठ
_c22 से मी (अजिल्द )
942 _2ddc
_cHN
_e1
_h158.1
_kसरश्री
999 _c205775
_d205775